| 000 | 02188nam a2200385 i 4500 | ||
|---|---|---|---|
| 001 | 57386 | ||
| 003 | CO-BoRNBP | ||
| 005 | 20250625143104.0 | ||
| 007 | ta | ||
| 008 | 231019t2022 ck a|||br ||| 00| j spa d | ||
| 020 | _a9789585338685 | ||
| 040 |
_aCO-BoRNBP _bspa _erda _cCO-BoRNBP |
||
| 041 | 0 | _aspa | |
| 043 | _an-mx-- | ||
| 084 | _aC COR22 | ||
| 100 | 1 |
_aCórdova, Adolfo, _d1983- _eautor _960531 |
|
| 245 | 1 | 0 |
_aEscondida _cAdolfo Córdova ; ilustraciones Amanda Mijangos |
| 250 |
_aPrimera edición _bPrimera reimpresión |
||
| 264 | 1 |
_aBogotá, Colombia _bCataplum Libros _c2022 _c2023 |
|
| 264 | 4 | _c©2022 | |
| 300 |
_a[20] páginas sin numerar _bilustraciones a color _c22 cm |
||
| 336 |
_atexto _btxt _2rdacontent |
||
| 337 |
_asin mediación _bn _2rdamedia |
||
| 338 |
_avolumen _bnc _2rdacarrier |
||
| 500 | _aLibro en tipo acordeón plegable | ||
| 520 | 3 | _aEscondida es una historia donde dos voces líricas se entrecruzan en este libro que invita al lector a acercarse a la vida secreta de una niña que, con su propia voz, nos cuenta la complejidad y riqueza de su mundo interior: aunque no está a la vista del adulto ha crecido dentro de ella. Por otro lado, está la voz del adulto, que se acerca y distancia de la niña reconociendo ese mundo interior y su singularidad. Este poema escrito por Adolfo Córdova es de una delicadeza extrema que encuentra su contrapartida en el trabajo de Amanda Mijangos, quien con lápiz, monotipia de óleo sobre papel, acuarela y trabajo digital, nos muestra con metáforas visuales ese mundo interior. El libro entraña una maravillosa sorpresa: se trata de un acordeón (tapa dura y con lomo) que permite el recorrido por las dos voces y por imágenes propias de la naturaleza. (Apartes del texto) | |
| 521 | 1 | _aRecomendado para un público infantil mayor de 6 años. | |
| 650 | 1 | 0 |
_aCuentos infantiles mexicanos _ySIglo XXI _2LEMB _960532 |
| 650 | 1 | 7 |
_aNiños en la literatura _2LEMB _9873 |
| 650 | 1 | 7 |
_aNaturaleza en la literatura _2LEMB _91606 |
| 650 | 1 | 7 |
_aLiteratura mexicana _ySiglo XXI _2LEMB _960533 |
| 650 | 1 | 4 |
_aAutores mexicanos _2LEMB |
| 700 |
_aMijangos, Amanda _d1986- _eilustradora _960534 |
||
| 942 |
_2loc _cBKLITI |
||
| 999 |
_c57386 _d57386 |
||